Microcomputer Applications for Field Construction Projects (Record no. 7816)

MARC details
000 -LEADER
fixed length control field 00457nam a2200157Ia 4500
008 - FIXED-LENGTH DATA ELEMENTS--GENERAL INFORMATION
fixed length control field 230312s9999||||xx |||||||||||||| ||und||
020 ## - INTERNATIONAL STANDARD BOOK NUMBER
International Standard Book Number 0-07-064595-7
082 ## - DEWEY DECIMAL CLASSIFICATION NUMBER
Classification number 624.068
Item number TID-M
100 ## - MAIN ENTRY--PERSONAL NAME
Personal name Tidwell;Mike.C
245 #0 - TITLE STATEMENT
Title Microcomputer Applications for Field Construction Projects
260 ## - PUBLICATION, DISTRIBUTION, ETC.
Name of publisher, distributor, etc. McGraw hill
Place of publication, distribution, etc. USA
Date of publication, distribution, etc. 1992
300 ## - PHYSICAL DESCRIPTION
Extent 339
546 ## - LANGUAGE NOTE
Language note Eng.
650 ## - SUBJECT ADDED ENTRY--TOPICAL TERM
Topical term or geographic name entry element Computer
Form subdivision Microcomputer Applications for Field Construction Projects
942 ## - ADDED ENTRY ELEMENTS (KOHA)
Koha item type BOOK
Holdings
Withdrawn status Lost status Source of classification or shelving scheme Damaged status Not for loan Home library Current library Date acquired Total Checkouts Full call number Barcode Date last seen Price effective from Koha item type
    Dewey Decimal Classification     Superior Information Resource Center (SIRC) Superior University - City Campus Superior Information Resource Center (SIRC) Superior University - City Campus 03/13/2023   624.068 TID-M 7923 03/13/2023 03/13/2023 BOOK

Powered by Koha